Pharmacology / (Record no. 1486)

MARC details
000 -LEADER
fixed length control field 01069pam a2200349 a 4500
001 - CONTROL NUMBER
control field data
005 - DATE AND TIME OF LATEST TRANSACTION
control field 20260322212102.0
008 - FIXED-LENGTH DATA ELEMENTS--GENERAL INFORMATION
fixed length control field data
035 ## - SYSTEM CONTROL NUMBER
System control number 1460985
010 ## - LIBRARY OF CONGRESS CONTROL NUMBER
LC control number 86012914
020 ## - INTERNATIONAL STANDARD BOOK NUMBER
International Standard Book Number 0443034079 (pbk.) :
Terms of availability £20.00 (U.K.)
020 ## - INTERNATIONAL STANDARD BOOK NUMBER
International Standard Book Number 9780443034077
035 ## - SYSTEM CONTROL NUMBER
-- (DLC) 86012914
040 ## - CATALOGING SOURCE
Original cataloging agency DNLM/DLC
Transcribing agency DLC
Modifying agency DLC
050 00 - LIBRARY OF CONGRESS CALL NUMBER
Classification number RM300
Item number .R35 1987
060 ## - NATIONAL LIBRARY OF MEDICINE CALL NUMBER
Classification number QV 4 R196p
082 00 - DEWEY DECIMAL CLASSIFICATION NUMBER
Classification number 615/.1
Edition information 19
100 1# - MAIN ENTRY--PERSONAL NAME
Personal name Rang, H. P.
245 10 - TITLE STATEMENT
Title Pharmacology /
Statement of responsibility, etc. H.P. Rang, M.M. Dale.
260 ## - PUBLICATION, DISTRIBUTION, ETC.
Place of publication, distribution, etc. New York :
-- New York :
Name of publisher, distributor, etc. Churchill Livingstone,
Date of publication, distribution, etc. 1987.
300 ## - PHYSICAL DESCRIPTION
Extent xiv, 736 p. :
Other physical details ill. ;
Dimensions 21 cm..
336 ## - CONTENT TYPE
Content type term text
Content type code txt
Source rdacontent
337 ## - MEDIA TYPE
Media type term unmediated
Media type code n
Source rdamedia
338 ## - CARRIER TYPE
Carrier type term volume
Carrier type code nc
Source rdacarrier
504 ## - BIBLIOGRAPHY, ETC. NOTE
Bibliography, etc. note Includes bibliographies and index.
650 #0 - SUBJECT ADDED ENTRY--TOPICAL TERM
Topical term or geographic name entry element Pharmacology.
650 #2 - SUBJECT ADDED ENTRY--TOPICAL TERM
Topical term or geographic name entry element Pharmacology.
700 1# - ADDED ENTRY--PERSONAL NAME
Personal name Dale, M. Maureen.
906 ## - LOCAL DATA ELEMENT F, LDF (RLIN)
a 7
b cbc
c orignew
d 1
e ocip
f 19
g y-gencatlg
991 ## -
-- c-GenColl
-- RM300
-- .R35 1987
-- 00025916232
-- Copy 1
-- BOOKS
Holdings
Withdrawn status Lost status Damaged status Not for loan Home library Current library Shelving location Date acquired Total checkouts Full call number Barcode Date last seen Price effective from Koha item type
        Riverside Riverside General stacks 22/03/2026   615/.1 LOC-RPL-00033 22/03/2026 22/03/2026 Books